01329njm a2200277 i 45000010005000000030009000050050017000140070015000310080041000462450220000872600041003073000053003484900073004015000038004745180146005126100070006587000032007287000047007607000027008077000019008347000032008537000020008857100044009058300073009498520029010224719ES-MaACL20251013234554.0s|r|||||||||||070809s1969 sp ||| g ||||||||1|nspa d00aJuicio crítico del libro "La sotana" de Rodrigo Rubio h[Grabación sonora] / cintervienen Rodrigo Rubio, Salvador García de Pruneda, Juan Bosco de Jesús, Rafael Conte, Rafael Martínez Mena, Mauro Muñiz. aMadrid : bAteneo de Madrid, c1969. a1 disco (CD-DA) (1 h. 8 min. 46 seg.) ; c12 cm.1 aColoquios críticos en presencia del autor "Un libro sobre la mesa" aDatos basados en la invitación. aActo organizado por el Aula de Literatura del Ateneo de Madrid, grabado en el salón de actos el viernes 14 de marzo de 1969, a las 19:15 h.24aAteneo de Madrid-xActos culturales-y1969-vGrabaciones sonoras.1 aRubio, Rodrigo, d1931-20071 aGarcía de Pruneda, Salvador, d1912-19960 aJuan Bosco de Jesús.1 aConte, Rafael.1 aMartínez de Mena, Rafael.1 aMuñiz, Mauro.2 aAteneo de Madrid. bAula de Literatura.00aColoquios críticos en presencia del autor "Un libro sobre la mesa" aES-MaACLjROT 3/4/6cROT